000 01264cam a2200241 4500
001 ABS65851
008 020903n2002 000 0 eng u
035 _a(Sirsi) u119540
100 _aMellor, A.
245 _aFlexibility carries a heavy price
260 _c2002
490 _aEstates Gazette
_v(0234) 24 August 2002, 80-81(2)
520 _aDiscussion about commercial leases and the changing legal environment. Considers that there is a demand for greater lease flexibility but any attempt by the government to regulate this such as the banning of upward only rent reviews by introducing legislation has only ever produced voluntary codes. Looks at other legislation such as the Landlord and Tenant Act 1954 and the pressure on the government to update it. Concludes by arguing that the changing legal environment will put pressure on the market to provide for shorter and more flexible lease terms but questions whether tenants will be prepared to pay for it.
590 _aABS
650 _aCOMMERCIAL LEASES
650 _aPROPERTY COSTS
650 _aUPWARD ONLY RENT REVIEWS
650 _aLANDLORD AND TENANT ACT 1954
650 _aLAND REGISTRATION ACT 2002
690 _aLANDLORD AND TENANT-LEASES
700 _aAllyson, C.
942 _n0
999 _c71069
_d71069